Burhan-e-Lughat/ (Record no. 614206)
[ view plain ]
| 000 -LEADER | |
|---|---|
| fixed length control field | 00584nam a22001697a 4500 |
| 082 ## - DEWEY DECIMAL CLASSIFICATION NUMBER | |
| Classification number | 891.4393 |
| Author Mark | ZIA |
| 100 ## - MAIN ENTRY--PERSONAL NAME | |
| Personal name | Zia,Mashooq Hussain |
| 245 ## - TITLE STATEMENT | |
| Title | Burhan-e-Lughat/ |
| Statement of responsibility, etc. | Mashooq Hussain Zia |
| 260 ## - PUBLICATION, DISTRIBUTION, ETC. | |
| Place of publication, distribution, etc. | Lahore: |
| Name of publisher, distributor, etc. | Al Waqar Publications, |
| Date of publication, distribution, etc. | 2013. |
| 300 ## - PHYSICAL DESCRIPTION | |
| Extent | 268p. : |
| Dimensions | 25cm. |
| 563 ## - BINDING INFORMATION | |
| Binding note | HB |
| 650 ## - SUBJECT ADDED ENTRY--TOPICAL TERM | |
| Topical term or geographic name entry element | Purpose and Scope of the Dictionary |
| 880 ## - ALTERNATE GRAPHIC REPRESENTATION | |
| Linkage | 100-01\(3\r |
| Title | عاشق حسین ضیا |
| 880 ## - ALTERNATE GRAPHIC REPRESENTATION | |
| Linkage | 245-02\(3\r |
| Title | برہانِ لغت/ |
| b | عاشق حسین ضیا |
| 880 ## - ALTERNATE GRAPHIC REPRESENTATION | |
| Linkage | 260-03\(3\r |
| Title | لاہور: |
| b | الوقار پبلکیشنز, |
| c | 2013. |
| 942 ## - ADDED ENTRY ELEMENTS (KOHA) | |
| Source of classification or shelving scheme | |
| Koha item type | Book |
| 650 ## - SUBJECT ADDED ENTRY--TOPICAL TERM | |
| -- | 129588 |
| Withdrawn status | Lost status | Source of classification or shelving scheme | Damaged status | Not for loan | Permanent Location | Current Location | Date acquired | Total Checkouts | Full call number | Barcode | Date last seen | Price effective from | Koha item type |
|---|---|---|---|---|---|---|---|---|---|---|---|---|---|
| Central Library (CL) | Central Library (CL) | 07/10/2025 | 891.4393 ZIA | CL-D-2758 | 07/11/2025 | 07/10/2025 | Book |
